Folleto sobre la prórroga solicitada por la Sociedad general del puerto de Pasages [sic] (Record no. 184322)

MARC details
000 -LEADER
campo de control de longitud fija 00616nam a2200145 i 4500
001 - NÚMERO DE CONTROL
campo de control 184322
003 - IDENTIFICADOR DE NÚMERO DE CONTROL
campo de control ES-MaACL
005 - FECHA Y HORA DE LA ÚLTIMA TRANSACCIÓN
campo de control 20230906222149.0
008 - DATOS DE LONGITUD FIJA--INFORMACIÓN GENERAL
campo de control de longitud fija 150619s1894 sp |||| | spa d
245 00 - MENCIÓN DEL TÍTULO
Título Folleto sobre la prórroga solicitada por la Sociedad general del puerto de Pasages [sic]
Resto del título : publicado por acuerdo de la Excma. Diputacíón Provincial de Guipuzcoa.
260 ## - PUBLICACIÓN, DISTRIBUCIÓN, ETC.
Lugar de publicación, distribución, etc. San Sebastián :
Nombre del editor, distribuidor, etc. [s.n.],
Fecha de publicación, distribución, etc. 1894 (
Fabricante Imp. de la Provincia)
300 ## - DESCRIPCIÓN FÍSICA
Extensión 28 p. ;
Dimensiones 22 cm.
610 04 - PUNTO DE ACCESO ADICIONAL DE MATERIA--NOMBRE DE ENTIDAD CORPORATIVA
Nombre de entidad corporativa o nombre de jurisdicción como elemento de entrada Junta del Puerto de Pasajes.
9 (RLIN) 5401
852 ## - LOCALIZACIÓN
Ubicación ES-MaACL
Número de control de estantería T-848-F-3
Nota libre .- Enc. en un vol. facticio conservando la enc. original
Holdings
Estatus retirado Estado de pérdida Estado de daño No para préstamo Colección Biblioteca de origen Biblioteca actual Ubicación en estantería Fecha de adquisición Fuente de adquisición Total de préstamos Signatura topográfica completa Código de barras Visto por última vez Precio de reemplazo Tipo de ítem Koha
        Colección de folletos Biblioteca del Ateneo de Madrid Biblioteca del Ateneo de Madrid Depósito folletos 19/06/2015     T-848-F-3 1193921 23/02/2023 23/02/2023 Folleto